Management of Nursing Services and Education (Record no. 249684)

MARC details
000 -LEADER
fixed length control field 00361pam a2200133a 44500
008 - FIXED-LENGTH DATA ELEMENTS--GENERAL INFORMATION
fixed length control field 230405s2011 xxu||||| |||| 00| 0 eng d
020 ## - INTERNATIONAL STANDARD BOOK NUMBER
International Standard Book Number 9350251744
Terms of availability Rs. 450
082 ## - DEWEY DECIMAL CLASSIFICATION NUMBER
Classification number 610.73
Item number BAS
100 ## - MAIN ENTRY--PERSONAL NAME
Personal name Basavanthappa, B.T.
245 ## - TITLE STATEMENT
Title Management of Nursing Services and Education
260 ## - PUBLICATION, DISTRIBUTION, ETC.
Place of publication, distribution, etc. New Delhi
Name of publisher, distributor, etc. Jaypee Pub
Date of publication, distribution, etc. 2011
300 ## - PHYSICAL DESCRIPTION
Extent 606 p
906 ## - LOCAL DATA ELEMENT F, LDF (RLIN)
a 000919

No items available.